000 00453nam a2200181Ia 4500
001 8783
005 20260306160635.0
008 260306t1997||||xx |||||||||||||| ||spa||
041 _aESP
082 _a371.334
_bA81
100 _aAsia-Pacific Economic Cooperation
_eAUT
245 0 _aUtilization of computer networks in schools
260 _c1997
300 _a264 páginas :
_c30 cm.
650 _aGEN
654 _aCED
942 _cLIB
_dJUS
_fJUS
_2ddc
_n
999 _c8783
_d8783